भारतीय न्याय संहिता 2023: Bharatiya Nyaya Sanhita 2023 (Record no. 1215161)

MARC details
000 -LEADER
fixed length control field 00614nam a22002057a 4500
003 - CONTROL NUMBER IDENTIFIER
control field OSt
005 - DATE AND TIME OF LATEST TRANSACTION
control field 20260121110231.0
008 - FIXED-LENGTH DATA ELEMENTS--GENERAL INFORMATION
fixed length control field 260121b |||||||| |||| 00| 0 eng d
037 ## - SOURCE OF ACQUISITION
Stock number 6349
Source of stock number/acquisition Bharati Madhyavarti Sahakari Grahak Bhandar Pune
040 ## - CATALOGING SOURCE
Transcribing agency NLK
041 ## - LANGUAGE CODE
Language code of text/sound track or separate title Marathi
082 ## - DEWEY DECIMAL CLASSIFICATION NUMBER
Classification number 345.54
Item number JOS
100 ## - MAIN ENTRY--PERSONAL NAME
Personal name Joshi Vivek
245 ## - TITLE STATEMENT
Title भारतीय न्याय संहिता 2023: Bharatiya Nyaya Sanhita 2023
Statement of responsibility, etc. Joshi Vivek
250 ## - EDITION STATEMENT
Edition statement 4
260 ## - PUBLICATION, DISTRIBUTION, ETC.
Place of publication, distribution, etc. Mumbai
Name of publisher, distributor, etc. Snow White
Date of publication, distribution, etc. 2026
300 ## - PHYSICAL DESCRIPTION
Extent 299
650 ## - SUBJECT ADDED ENTRY--TOPICAL TERM
Topical term or geographic name entry element Criminal law—India; Bharatiya Nyaya Sanhita
942 ## - ADDED ENTRY ELEMENTS (KOHA)
Source of classification or shelving scheme Dewey Decimal Classification
Koha item type Textbook
Suppress in OPAC No
Holdings
Withdrawn status Lost status Source of classification or shelving scheme Damaged status Not for loan Home library Current library Shelving location Date acquired Source of acquisition Cost, normal purchase price Total Checkouts Full call number Barcode Date last seen Date last checked out Price effective from Koha item type
    Dewey Decimal Classification     New Law College, Kolhapur New Law College, Kolhapur Row -3/Rack -5/Shelf -B 14/01/2026 Bharati Madhyavarti Sahakari Grahak Bhandar Pune 695.00 1 345.54/JOS NLK-9955 30/03/2026 17/03/2026 21/01/2026 Textbook
    Dewey Decimal Classification     New Law College, Kolhapur New Law College, Kolhapur Row -3/Rack -5/Shelf -B 14/01/2026 Bharati Madhyavarti Sahakari Grahak Bhandar Pune 695.00 1 345.54/JOS NLK-9956 06/04/2026 23/03/2026 21/01/2026 Textbook